Fundamentos para un nuevo análisis económico del derecho: de las fallas del mercado al sistema jurídico
Gorde:
| Egile nagusia: | |
|---|---|
| Formatua: | Liburua |
| Hizkuntza: | gaztelania |
| Argitaratua: |
Buenos Aires
Abaco
2004
|
| Gaiak: | |
| Etiketak: |
Etiketa erantsi
Etiketarik gabe, Izan zaitez lehena erregistro honi etiketa jartzen!
|
MARC
| LEADER | 00000nam a2200000 a 4500 | ||
|---|---|---|---|
| 001 | UCL9646 | ||
| 003 | CL-VaPUC | ||
| 008 | 040820e20040000AG |||||||||||||||||spa|d | ||
| 020 | |a 9505692161 | ||
| 082 | 0 | 4 | |a 346.07 |b GUE |2 21 |
| 100 | 0 | |a Guestrin, Sergio Gustavo |e author |9 487533 | |
| 245 | 1 | 0 | |a Fundamentos para un nuevo análisis económico del derecho: de las fallas del mercado al sistema jurídico |
| 300 | |a 512 p | ||
| 942 | |c BK | ||
| 945 | |d 20040820 00:00:00 |a cmena | ||
| 260 | |a Buenos Aires |b Abaco |c 2004 | ||
| 650 | 0 | |a Derecho comercial |9 256340 | |
| 650 | 0 | |a Filosofía del derecho |9 255050 | |
| 650 | 0 | |a Distribución del ingreso |9 334288 | |
| 650 | 0 | |a Desarrollo económico |9 259599 | |
| 650 | 0 | |a Empresas |9 255569 | |
| 650 | 0 | |a Oferta y demanda |9 255571 | |
| 650 | 0 | |a Competitividad |9 308495 | |
| 650 | 0 | |a Toma de decisiones |9 257530 | |
| 583 | |a last modification |c 20040820 00:00:00 |k Rodrigo Vera | ||
| 999 | |c 310363 |d 310361 | ||
| 952 | |0 0 |1 0 |4 0 |6 346_070000000000000_GUE_2004 |7 0 |8 A |9 378694 |a BIBDER |b BIBDER |d 2019-11-21 |i 4049454 |l 1 |o 346.07 GUE 2004 |p 4049454 |r 2023-01-25 |s 2022-07-19 |w 2019-11-21 |y BK |k DER | ||